Statistics for Famous Recurring Roles by Actor

Click here to take the quiz!

General Stats

  • This quiz has been taken 575 times
  • The average score is 10 of 20

Answer Stats

ActorPortrayalsRole% Correct
Daniel Radcliffe8, 2001-2011Harry Potter
98%
Sylvester Stallone6, 1976-2006Rocky Balboa
92%
Alan Rickman8, 2001-2011Severus Snape
76%
Robert Pattinson5, 2008-2012Edward Cullen
69%
Patrick Stewart6, 2000-2014Charles Xavier
64%
Christopher Lee10, 1958-1976Dracula
62%
Peter Sellers3, 1963-1976Jacques Clouseau
53%
Robert Englund7, 1984-2003Freddy Krueger
50%
Danny Trejo7, 2001-2013Machete Cortez
47%
Kenny Baker7, 1977-2015R2-D2
45%
Kevin Smith6, 1994-2006Silent Bob
45%
Johnny Weissmuller12, 1932-1948Tarzan
42%
Basil Rathbone15, 1939-1946Sherlock Holmes
39%
Desmond Llewelyn17, 1963-1999Q
37%
James Doohan8, 1979-1994Montgomery Scott
31%
Nichelle Nichols6, 1979-1991Nyota Uhura
30%
Jim Varney11, 1987-1998Ernest P. Worrell
28%
Tobin Bell7, 2004-2010Jigsaw
26%
Raymond Burr26, 1985-1993Perry Mason
24%
William Boyd69, 1935-1953Hopalong Cassidy
7%

Score Distribution

Percentile by Number Answered

Percent of People with Each Score

Your Score History

You have not taken this quiz